000 00222 a2200097 4500
001 31643
100 _aKumar K L
245 _aEngineering Mechanics
260 _aNew Delhi
_bTata McGraw-Hill
_c1998
090 _c21456
_d21456
942 _aNUST-CAE
_cM
_c12732
999 _c266716
_d266716